| 000 | 00772nam a22002297a 4500 | ||
|---|---|---|---|
| 005 | 20240530110515.0 | ||
| 008 | 160119s2013 lu a g b 001 0 ara d | ||
| 020 | _a9789953826127 | ||
| 040 | _aEG-CaGPL | ||
| 082 | 0 | 4 |
_221 _a305.8\ _bب ج |
| 100 | 0 | _aبول طبر . | |
| 245 | 1 | 2 |
_aالجاليات العربية فى استراليا / _cبول طبر . |
| 250 | _aط1. | ||
| 260 |
_aبيروت : _bمركز دراسات الوحدة العربية ، _c2013 . |
||
| 300 |
_a367 ص ؛ _c24 سم . |
||
| 504 | _aببليوجرافية : ص 339 - 347 | ||
| 650 | 0 | 4 | _aالجاليات العربية . |
| 651 | 0 | 4 |
_aاستراليا _xالجاليات العربية . |
| 651 | 0 | 4 |
_aاستراليا _xالاقليات . |
| 942 |
_2ddc _cBK |
||
| 999 |
_c61776 _d61776 |
||